000
00245nam a2200097Ia 4500
001
640849
005
20250826153455.0
008
250824s9999 xx 000 0 und d
245
0
_a
YENİLİK SULTANLARI
_c
SEVİNÇ KUŞOĞLU
260
_b
GENÇ TİMAŞ
999
_c
640849
_d
640849